Statistics for Rock Band Songs 1-4 US Version

Click here to take the quiz!

General Stats

  • This quiz has been taken 140 times
    (130 since last reset)
  • The average score is 94 of 289

Answer Stats

Answer% Correct
Paranoid- Black Sabbath
76%
Enter Sandman- Metallica
71%
Livin' on a Prayer- Bon Jovi
67%
Tom Sawyer- Rush
67%
Alive- Pearl Jam
62%
Free Bird- Lynyrd Skynyrd
62%
Green Grass and High Tides- The Outlaws
62%
Painkiller- Judas Priest
62%
Say It Ain't So- Weezer
62%
Crazy Train- Ozzy Osbourne
57%
Dani California- Red Hot Chili Peppers
57%
Everlong- Foo Fighters
57%
Highway Star- Deep Purple
57%
Run to the Hills- Iron Maiden
57%
The Trees (Vault Edition)- Rush
57%
Battery- Metallica
52%
Before I Forget- Slipknot
52%
Gimme Shelter- The Rolling Stones
52%
Hungry Like the Wolf- Duran Duran
52%
In Bloom- Nirvana
52%
Panic Attack- Dream Theater
52%
Train Kept A-Rollin- Aerosmith
52%
Wanted Dead or Alive- Bon Jovi
52%
Black Hole Sun- Soundgarden
48%
Blitzkrieg Bop- Ramones
48%
Bohemian Rhapsody- Queen
48%
Caught in a Mosh- Anthrax
48%
Centuries- Fall Out Boy
48%
Creep- Radiohead
48%
(Don't Fear) The Reaper- Blue Oyster Cult
48%
Drain You- Nirvana
48%
Give It Away- Red Hot Chili Peppers
48%
Hail to the King- Avenged Sevenfold
48%
No One Knows- Queens of the Stone Age
48%
One Way or Another- Blondie
48%
Panama- Van Halen
48%
Peace Sells- Megadeth
48%
Pinball Wizard- The Who
48%
Seven- Vagiant
48%
Smoke on the Water- Deep Purple
48%
Spoonman- Soundgarden
48%
Toys in the Attic- Aerosmith
48%
Visions- Abnormality
48%
29 Fingers- The Konks
43%
Ace of Spades '08- Motörhead
43%
Almost Easy- Avenged Sevenfold
43%
Any Way You Want It- Journey
43%
Beast and the Harlot- Avenged Sevenfold
43%
Give It All- Rise Against
43%
Good Vibrations (Live)- The Beach Boys
43%
Go Your Own Way- Fleetwood Mac
43%
Halls of Valhalla- Judas Priest
43%
I Think I'm Paranoid- Garbage
43%
Learn to Fly- Foo Fighters
43%
Let There Be Rock- AC/DC
43%
Maps- Yeah Yeah Yeahs
43%
Master Exploder- Tenacious D
43%
Metropolis - Part 1 'The Miracle and the Sleeper'- Dream Theater
43%
One Step Closer- Linkin Park
43%
Orange Crush- R.E.M.
43%
Plush- Stone Temple Pilots
43%
Ramblin' Man- The Allman Brothers Band
43%
Roundabout- Yes
43%
Sabotage- Beastie Boys
43%
Shackler's Revenge- Guns N' Roses
43%
Should I Stay or Should I Go- The Clash
43%
The One I Love- R.E.M.
43%
Uptown Funk- Mark Ronson ft. Bruno Mars
43%
Been Caught Stealing- Jane's Addiction
38%
Brown Eyed Girl- Van Morrison
38%
Celebrity Skin- Hole
38%
Cold as Ice- Foreigner
38%
Cool for Cats- Squeeze
38%
Dead on Arrival- Fall Out Boy
38%
Eye of the Tiger- Survivor
38%
Feel the Pain- Dinosaur Jr.
38%
Flirtin' with Disaster- Molly Hatchet
38%
Foreplay/Long Time- Boston
38%
Get Clean- Anarchy Club
38%
Get Up, Stand Up- Bob Marley and the Wailers
38%
I'm So Sick- Flyleaf
38%
Jerry Was a Race Car Driver- Primus
38%
Lazaretto- Jack White
38%
Man in the Box- Alice in Chains
38%
Misery Business- Paramore
38%
Mississippi Queen- Mountain
38%
Mountain Song- Jane's Addiction
38%
Night Lies- Bang Camaro
38%
Oye Mi Amor- Maná
38%
Pleasure (Pleasure)- Bang Camaro
38%
Space Oddity- David Bowie
38%
Spiders- System of a Down
38%
Superunknown- Soundgarden
38%
That Smell- Lynyrd Skynyrd
38%
That's What You Get- Paramore
38%
The Hardest Button to Button- The White Stripes
38%
The Look- Roxette
38%
Timmy and the Lords of the Underworld- Timmy and the Lords of the Underworld
38%
Today- The Smashing Pumpkins
38%
Vasoline- Stone Temple Pilots
38%
Welcome Home- Coheed and Cambria
38%
White Wedding (Part 1)- Billy Idol
38%
Won't Get Fooled Again- The Who
38%
20th Century Boy- T. Rex
33%
American Woman- The Guess Who
33%
Antibodies- Poni Hoax
33%
Blood Doll- Anarchy Club
33%
Carry On Wayward Son- Kansas
33%
Chop Suey- System of a Down
33%
Colony of Birchmen- Mastodon
33%
Come Out and Play (Keep 'Em Separated)- The Offspring
33%
De-Luxe- Lush
33%
Down with the Sickness- Disturbed
33%
Dream Genie- Lightning Bolt
33%
Du Hast- Rammstein
33%
E-Pro- Beck
33%
Float On- Modest Mouse
33%
Girl's Not Grey- AFI
33%
Hello There- Cheap Trick
33%
Here I Go Again- Whitesnake
33%
I Love Rock N' Roll- Joan Jett & The Blackhearts
33%
Imagine- John Lennon
33%
I Will Follow- U2
33%
Just Like Heaven- The Cure
33%
Kids in America- The Muffs
33%
Lazy Eye- Silversun Pickups
33%
Light Up the Night- The Protomen
33%
Llama- Phish
33%
Lump- Presidents of the United States of America
33%
Next to You- The Police
33%
No One Like You (2011 Re-record)- Scorpions
33%
Our Truth- Lacuna Coil
33%
Outside- Tribe
33%
Prayer- Disturbed
33%
Pretend We're Dead- L7
33%
Rainbow in the Dark- Dio
33%
Rehab- Amy Winehouse
33%
Reptilia- The Strokes
33%
Rob the Prez-O-Dent- That Handsome Devil
33%
Souls of Black- Testament
33%
So What'cha Want- Beastie Boys
33%
Still Into You- Paramore
33%
Suffragette City- David Bowie
33%
The Con- Tegan and Sara
33%
The Hand That Feeds- Nine Inch Nails
33%
The Seeker- The Who
33%
Walk of Life- Dire Straits
33%
We Got the Beat- Go-Go's
33%
What's Up?- 4 Non Blondes
33%
A Passage to Bangkok- Rush
29%
Arabella- Arctic Monkeys
29%
At Night in Dreams- White Denim
29%
Bad Reputation- Joan Jett
29%
Ballroom Blitz- Sweet
29%
Brainpower- Freezepop
29%
Break on Through (To the Other Side)- The Doors
29%
Caught Up in You- .38 Special
29%
Cedarwood Road- U2
29%
Cherub Rock- Smashing Pumpkins
29%
Crosstown Traffic- The Jimi Hendrix Experience
29%
Don't Stand So Close to Me- The Police
29%
Electric Version- The New Pornographers
29%
Free Falling- The Warning
29%
Friday I'm In Love- The Cure
29%
Go with the Flow- Queens of the Stone Age
29%
Heart of Glass- Blondie
29%
In a Big Country- Big Country
29%
I Need to Know- Tom Petty and the Heartbreakers
29%
In the Meantime- Spacehog
29%
I Wanna Be Sedated- Ramones
29%
Kick It Out- Heart
29%
Last Dance- The Raveonettes
29%
Little Miss Can't Be Wrong- Spin Doctors
29%
Me Enamora- Juanes
29%
Midlife Crisis- Faith No More
29%
Miracle Man- Ozzy Osbourne
29%
My God Is the Sun- Queens of the Stone Age
29%
Nine in the Afternoon- Panic! at the Disco
29%
Oh My God- Ida Maria
29%
Rock Lobster- The B-52's
29%
Saturday Night's Alright for Fighting- Elton John
29%
Shooting Star- Bad Company
29%
Short Skirt/Long Jacket- Cake
29%
Shoulder to the Plow- Breaking Wheel
29%
Supreme Girl- The Sterns
29%
Suspicious Minds- Elvis Presley
29%
Tangled Up in Blue- Bob Dylan
29%
The Impression That I Get- The Mighty Mighty Bosstones
29%
The Killing Moon- Echo & The Bunnymen
29%
The Middle- Jimmy Eat World
29%
Time We Had- The Mother Hips
29%
Uncontrollable Urge- Devo
29%
Welcome to the Neighborhood- Libyans
29%
Werewolves of London- Warren Zevon
29%
When You Were Young- The Killers
29%
Whip It- Devo
29%
Yoshimi Battles the Pink Robots Pt. 1- The Flaming Lips
29%
You Make Loving Fun- Fleetwood Mac
29%
Your Love- The Outfield
29%
25 or 6 to 4- Chicago
24%
Alabama Getaway- The Grateful Dead
24%
Albert- Eddie Japan
24%
Aqualung- Jethro Tull
24%
Can't Let Go- Death of the Cool
24%
Centerfold- The J. Geils Band
24%
Dead End Friends- Them Crooked Vultures
24%
Don't Bury Me... I'm Still Not Dead- Riverboat Gamblers
24%
Epic- Faith No More
24%
Fever- The Black Keys
24%
Get Free- The Vines
24%
Here It Goes Again- OK Go
24%
Humanoid- Tokio Hotel
24%
I Can See for Miles- The Who
24%
I Get By- Honest Bob and the Factory-to-Dealer Incentives
24%
I Got You (I Feel Good) (Alternative Version)- James Brown
24%
I Miss the Misery- Halestorm
24%
Killing Loneliness- H.I.M.
24%
Living in America- The Sounds
24%
Milwaukee- The Both
24%
My Own Worst Enemy- Lit
24%
Need You Tonight- INXS
24%
Nightmare- Crooked X
24%
One Armed Scissor- At the Drive-In
24%
PDA- Interpol
24%
Portions for Foxes- Rilo Kiley
24%
Rock'n Me- Steve Miller Band
24%
Sister Christian- Night Ranger
24%
Somebody Told Me- The Killers
24%
Start a Band- Brad Paisley ft. Keith Urban
24%
Testify- Rage Against the Machine
24%
The Feast and the Famine- Foo Fighters
24%
Violent Shiver- Benjamin Booker
24%
Walking on the Sun- Smash Mouth
24%
Wave of Mutilation- Pixies
24%
Where'd You Go?- The Mighty Mighty Bosstones
24%
You Oughta Know- Alanis Morissette
24%
Alex Chilton- The Replacements
19%
Are You Gonna Be My Girl- Jet
19%
Bodhisattva- Steely Dan
19%
China Grove- The Doobie Brothers
19%
Combat Baby- Metric
19%
Conventional Lover- Speck
19%
Day Late, Dollar Short- The Acro-Brats
19%
Detroit Rock City- KISS
19%
Fly Like an Eagle- Steve Miller Band
19%
Follow You Down- Gin Blossoms
19%
Foolin'- Def Leppard
19%
Hey Man, Nice Shot- Filter
19%
I Bet My Life- Imagine Dragons
19%
King George- Dover
19%
Lasso- Phoenix
19%
Main Offender- The Hives
19%
Outer Space- The Muffs
19%
Pistol Whipped- Tijuana Sweetheart
19%
Psycho Killer- Talking Heads
19%
Pump It Up- Elvis Costello
19%
Radar Love- Golden Earring
19%
Rebel Girl- Bikini Kill
19%
Round and Round- Ratt
19%
Spirit in the Sky- Norman Greenbaum
19%
The Beautiful People- Marilyn Manson
19%
The Power of Love- Huey Lewis and the News
19%
The Warrior- Scandal
19%
This Bastard's Life- Swingin' Utters
19%
Ain’t Messin ‘Round- Gary Clark, Jr.
14%
A Jagged Gorgeous Winter- The Main Drag
14%
Everybody Wants to Rule the World- Tears for Fears
14%
False Alarm- The Bronx
14%
Low Rider- WAR
14%
Mainstream Kid- Brandi Carlile
14%
New Kid in School- The Donnas
14%
Rock and Roll, Hoochie Koo- Rick Derringer
14%
Something Bigger, Something Brighter- Pretty Girls Make Graves
14%
Stop Me If You Think You've Heard This One Before- The Smiths
14%
The Wolf- Mumford & Sons
14%
Viva la Resistance- Hypernova
14%
All Over You- Live
10%
Cold Clear Light- Johnny Blazes and the Pretty Boys
10%
I Am Electric- Heaven's Basement
10%
I Was Wrong- Social Distortion
10%
Knock Em Down- Duck & Cover
10%
Recession- Jeff Allen ft. Noelle LeBlanc and Naoko Takamoto
10%
Tongue Tied- Grouplove
10%
Turn it Around- Lucius
10%
V-Bomb- Dark Wheels
10%
Dead Black (Heart of Ice)- Soul Remnants
5%
Light the Fuse- Slydigs
5%
Little White Church- Little Big Town
5%
Teen Age Riot- Sonic Youth
5%

Score Distribution

Percentile by Number Answered

Percent of People with Each Score

Your Score History

You have not taken this quiz since the last reset